• 首页
  • 本馆介绍
  • 公告通知
  • 最新文献
  • 馆藏检索
  • 电子资源
  • 读者导购
  • 参考咨询
  • 我的图书馆
  • 登录
  • 详细信息显示
  • 放入我的书架
  • 预约/预借图书
  • 作者相关作品
  • 分类相关作品
  • 丛书相关作品
  • 出版社相关作品

书目信息

  • 表格格式
  • 工作单格式
  • 卡片格式
题名:
第三种科学方法
    
 
作者: 石钟慈 著
分册:  
出版信息: 广州   暨南大学出版社  2000
页数: 14,119页
开本: 20cm
丛书名: 院士科普书系
单 册:
中图分类: O241-49 , N32
科图分类:
主题词: 科学计算--计算方法--普及读物 , 科学计算 , 计算方法 , 自然科学--统计法 , 自然科学--计算方法
电子资源:
ISBN: 7-81029-940-9
000 01275oam2 2200325 450
001 1534316589
005 20150131093232.01
010    @a7-81029-940-9@dCNY12.00
100    @a20010110d2000 em y0chiy0110 ea
101 0  @achi
102    @aCN@b440000@b110000
105    @ay z 000yy
200 1  @a第三种科学方法@9di san zhong ke xue fang fa@e计算机时代的科学计算@f石钟慈著
210    @a广州@c暨南大学出版社@a北京@c清华大学出版社@d2000
215    @a14,119页@d20cm
225 2  @a院士科普书系@h第一辑@v3
314    @a石钟慈(1933~),生于浙江鄞县,中国数理学部院士,中国科学院计算机数学与科学工程计算机所所长和“科学与工程计算”国家重点实验室学校委员会主任,中国计算数学会理事长,著有《第三种科学方法——计算机时代的科学计算》。
330    @a本书用通俗的语言和许多具有典型意义的成功实例,简单地介绍了计算机时代的科学计算,以及它的过去、现在和未来。
461  0 @12001 @a院士科普书系
517 1  @a计算机时代的科学计算@9ji suan ji shi dai de ke xue ji suan
606 0  @a科学计算@x计算方法@j普及读物
606 0  @a科学计算
606 0  @a计算方法
606 0  @a自然科学@x统计法
606 0  @a自然科学@x计算方法
690    @aO241-49@v5
690    @aN32@v4
701  0 @a石钟慈@9shi zhong ci@f(1933~)@4著
801  0 @aCN@bTSSF@c20150131
905    @aZUCC@dN32@eJY1
    
    第三种科学方法:计算机时代的科学计算/石钟慈著.-广州:暨南大学出版社;北京:清华大学出版社,2000
    14,119页;20cm.-(院士科普书系.第一辑;3)
    
    
    ISBN 7-81029-940-9:CNY12.00
    本书用通俗的语言和许多具有典型意义的成功实例,简单地介绍了计算机时代的科学计算,以及它的过去、现在和未来。
●
相关链接 在E读中查询图书 在五车中查询图书 在当当中查询图书 在豆瓣中查询图书


正题名:第三种科学方法     索取号:N32/JY1         预约/预借

序号 登录号 条形码 馆藏地/架位号 状态 备注
1 7862351   278623517   学院路分馆/ [索取号:N32/JY1] 在馆    
2 7862352   278623526   学院路分馆/ [索取号:N32/JY1] 在馆    
3 7862353   278623535   学院路分馆/ [索取号:N32/JY1] 在馆    
4 7862354   278623544   学院路分馆/ [索取号:N32/JY1] 在馆    
唐山师范学院图书馆 欢迎您!
大连网信软件有限公司© 版权所有